De slimste vragen - Statistieken

Algemene statistieken
  • Deze quiz is 16 keer genomen
  • De gemiddelde score is 6 van 10
Antwoordstatistieken
Vraag Antwoord % Correct
Wat voor zin is een pangram? Een zin waarin alle letters van het alfabet minstens één keer voorkomen
80%
Het humeur van sommige mensen schommelt omdat ze meteorosensitief zijn, wat is dat? Iemand die gevoelig is aan verandering van het weer
80%
Van welke twee kledingstukken is 'jorts' een samentrekking? Jeans & shorts
80%
Wat doen vrouwen die meedoen aan de internethype 'boysober'? Ze kiezen ervoor om een periode geen romantische of seksuele relaties met mannen aan te gaan
80%
Wie is onlangs uitgeroepen tot meest iconische videogamepersonage allertijden? Lara Croft
60%
Welke lichaamsdelen liet de Duitse sterrenchef Tim Raue verzekeren? Neus en tong
60%
De voetbalpodcast 'MidMid' reikt ieder jaar een prijs uit aan de meest onderschatte speler die niet bij een grote ploeg speelt, hoe heet die prijs? Gouden Croc
40%
Wat is 'personality hiring'? Mensen aannemen voor hun persoonlijkheid zonder dat ze de juiste skills hebben voor een bepaalde job
40%
Van welke metalband was de overleden Lemmy Kilmister frontman? Motörhead
40%
Hoe heet Romeo (van Julia) met zijn achternaam? Montague
0%
Geen overeenkomende quizzen gevonden
Scoreverdeling
Procent van Mensen met Elke Score
Percentiel versus Aantal Correcte Antwoorden
Uw Scoregeschiedenis
U heeft deze quiz nog niet genomen